Reclutamiento inteligente : (Registro nro. 64745)
[ vista simple ]
| 000 -LEADER | |
|---|---|
| fixed length control field | 01135cam a2200313 i 4500 |
| 001 - CONTROL NUMBER | |
| control field | 64745 |
| 003 - CONTROL NUMBER IDENTIFIER | |
| control field | Mx-PuUPA |
| 005 - DATE AND TIME OF LATEST TRANSACTION | |
| control field | 20231213123230.0 |
| 008 - FIXED-LENGTH DATA ELEMENTS--GENERAL INFORMATION | |
| fixed length control field | 160225s2020 mx ad gr 000 0 spa d |
| 020 ## - INTERNATIONAL STANDARD BOOK NUMBER | |
| International Standard Book Number | 9786077479239 |
| 040 ## - CATALOGING SOURCE | |
| Original cataloging agency | Mx-PuUPA |
| Transcribing agency | Mx-PuUPA |
| Language of cataloging | spa |
| Description conventions | rda |
| Modifying agency | Mx-PuUPA |
| 041 0# - LANGUAGE CODE | |
| Language code of text/sound track or separate title | spa |
| 100 1# - MAIN ENTRY--PERSONAL NAME | |
| 9 (RLIN) | 13296 |
| Personal name | Muniain, Jorge, |
| Relator term | autor |
| 245 10 - TITLE STATEMENT | |
| Title | Reclutamiento inteligente : |
| Remainder of title | las mejores prácticas del mundo para buscar y seleccionar talento / |
| Statement of responsibility, etc. | Jorge Munianin |
| 250 ## - EDITION STATEMENT | |
| Edition statement | Primera edición en Booket/ |
| Remainder of edition statement | octubre |
| 264 #1 - PRODUCTION, PUBLICATION, DISTRIBUTION, MANUFACTURE, AND COPYRIGHT NOTICE | |
| Place of production, publication, distribution, manufacture | Ciudad de México : |
| Name of producer, publisher, distributor, manufacturer | Ediciones Culturales Paidós, |
| Date of production, publication, distribution, manufacture, or copyright notice | ©2020 |
| 300 ## - PHYSICAL DESCRIPTION | |
| Extent | 146 páginas : |
| Other physical details | ilustraciones, graficas, tablas ; |
| Dimensions | 19 cm |
| 336 ## - CONTENT TYPE | |
| Content type term | texto |
| Content type code | txt |
| Fuente | rdacontent |
| 337 ## - MEDIA TYPE | |
| Source | rdamedia |
| Media type term | sin medio |
| Media type code | n |
| 338 ## - CARRIER TYPE | |
| Source | rdacarrier |
| Carrier type term | volumen |
| Carrier type code | nc |
| 490 0# - SERIES STATEMENT | |
| Series statement | Empresa y talento |
| 545 1# - BIOGRAPHICAL OR HISTORICAL DATA | |
| Biographical or historical data | Reimpresión: (Primera, octubre, 2020) |
| 650 #7 - SUBJECT ADDED ENTRY--TOPICAL TERM | |
| Source of heading or term | armarc |
| Topical term or geographic name entry element | Selección de personal |
| 650 #7 - SUBJECT ADDED ENTRY--TOPICAL TERM | |
| Source of heading or term | armarc |
| Topical term or geographic name entry element | Entrevistas para empleo |
| 650 #7 - SUBJECT ADDED ENTRY--TOPICAL TERM | |
| Source of heading or term | armarc |
| Topical term or geographic name entry element | Empleados |
| General subdivision | Prueba de capacidad |
| 942 ## - ADDED ENTRY ELEMENTS (KOHA) | |
| Source of classification or shelving scheme | Dewey Decimal Classification |
| Koha item type | Libro |
| Classification part | 658.311 |
| Item part | M963 |
| Withdrawn status | Lost status | Source of classification or shelving scheme | Damaged status | Not for loan | Collection code | Home library | Current library | Shelving location | Date acquired | Total Checkouts | Full call number | Barcode | Date last seen | Date last checked out | Price effective from | Koha item type | Copy number |
|---|---|---|---|---|---|---|---|---|---|---|---|---|---|---|---|---|---|
| Dewey Decimal Classification | General | Tehuacán | Tehuacán | Sala general | 17/11/2022 | 1 | 658.311 M963 2020 | 968000001097 | 08/01/2025 | 29/03/2023 | 17/11/2022 | Libro | |||||
| Dewey Decimal Classification | General | Tehuacán | Tehuacán | Sala general | 07/02/2023 | 658.311 M963 2020 | 968000001167 | 08/01/2025 | 07/02/2023 | Libro | Ej.2 | ||||||
| Dewey Decimal Classification | General | Tehuacán | Tehuacán | Sala general | 13/03/2023 | 658.311 M963 2020 | 968000001313 | 08/01/2025 | 13/03/2023 | Libro | Ej.3 | ||||||
| Dewey Decimal Classification | General | Tehuacán | Tehuacán | Sala general | 13/12/2023 | 658.311 M963 2020 | 968000001750 | 08/01/2025 | 13/12/2023 | Libro | Ej.5 | ||||||
| Dewey Decimal Classification | General | Tehuacán | Tehuacán | Sala general | 13/12/2023 | 658.311 M963 2020 | 968000001751 | 08/01/2025 | 13/12/2023 | Libro | Ej.4 |